000 00202 a2200109 4500
020 _a978-0-439-77377-5
041 _aspa
100 _aorihuela,luz
245 _ala lechera
942 _cBK
952 _71
999 _c18137
_d18137